| 000 | 00394 a2200133 4500 | ||
|---|---|---|---|
| 005 | 20250626101104.0 | ||
| 020 | _a0-07-295187-7 | ||
| 082 | _a658.401 MAR | ||
| 100 | _aMARCUS, A. A. | ||
| 245 | _aManagement Strategy: Achieving Sustained Competitive Advantge. | ||
| 260 |
_aNew York, _bMcGraw Hill, _c2005. |
||
| 300 |
_axix, 196p.: ill.; figure, table _bGlossary & Index _c25cm |
||
| 942 |
_2ddc _cBKS |
||
| 999 |
_c5280 _d5280 |
||